000 01340nam a2200229Ia 4500
003 Ost
005 20260507075331.0
008 260507s9999||||xx |||||||||||||| ||und||
020 _a9789957166717
040 _cfsecg
041 _aara
082 _a330
100 _aشلاش، عنبر ابراهيم
_eمؤلف
245 0 _aإدارة الترويج والاتصالات /
_c عنبر ابراهيم شلاش
260 _aعمان:
_bدار الثقافة,
_c2011
300 _a349 صفحة؛
_bإيضاحات ؛
_c25 سم
520 _aالاتصالات في الادارة ، عناصر المزيج التسويقي و مكونات العملية التسويقية ، الاتصالات التسويقية ودور العملية البيعية فيها ، طبيعة سلوك المستهلك و أهميته ، تأثير ثقافة المجتمع على سلوك المستهلك ، دراسة الترويج كعملية اتصال ، المزيج الترويجي ( مزيج الاتصال التسويقي) ، الاعلان ، خطوات البيع المباشر الشخصي ، مفهوم و تطور و أهداف العلاقات العامة ووضائفها و المشغولون بها
653 _aأدارة المبيعات
653 _aالإتصال
653 _aالتسويق
942 _cكتاب
999 _c44004
_d44004